Guess the Movie from the Cast #2 - Statistics

General Stats
  • This quiz has been taken 453 times
  • The average score is 6 of 10
Answer Stats
Hint Answer % Correct
Leonardo DiCaprio / Kate Winslet / Billy Zane / Kathy Bates Titanic
98%
Ryan Gosling / Emma Stone / John Legend / Rosemarie DeWitt La La Land
83%
Marlon Brando / Al Pacino / James Caan / Richard Castellano The Godfather
80%
Brad Pitt / Angelina Jolie / Adam Brody / Kerry Washington Mr. & Mrs. Smith
69%
Jodie Foster / Anthony Hopkins / Scott Glenn / Ted Levine The Silence of the Lambs
69%
Daniel Craig / Chris Evans / Ana de Armas / Jamie Lee Curtis Knives Out
60%
Adam Sandler / Kevin James / Chris Rock / David Spade Grown Ups
59%
Gene Kelly / Donald O'Connor / Debbie Reynolds / Jean Hagen Singin' in the Rain
40%
Felicity Jones / Diego Luna / Donnie Yen / Mads Mikkelsen Rogue One: A Star Wars Story
23%
Martin Lawrence / Danny Glover / Zoë Saldaña / Peter Dinklage Death at a Funeral
8%
No matching quizzes found
Score Distribution
Percent of People with Each Score
Percentile by Number Answered
Your Score History
You have not taken this quiz